Débuts de chansons - Années 80 - Statistiques

Statistiques générales
  • Ce quiz a été pris 2 464 fois
  • Le résultat moyen est 12 sur 22
Statistiques - réponses
Paroles Chanson % Correct
À m'asseoir sur un banc cinq minutes avec toi / Et regarder les gens tant que y'en a Mistral gagnant / Renaud
92%
Égaré dans la vallée infernale / Le héros s'appelle Bob Morane L'aventurier / Indochine
89%
J'ai trop saigné sur les Gibson / J'ai trop rôdé dans les Tobacco Roads Quand la musique est bonne / Jean-Jacques Goldman
86%
Vivre sous l'équateur du Brésil / Entre Cuba et Manille Les sunlights des tropiques / Gilbert Montagné
85%
Elle est abonnée à Marie-Claire / Dans le Nouvel Obs elle ne lit que Bretecher Femme libérée / Cookie Dingler
81%
Je suis un être à la recherche / Non, pas de la vérité Partenaire particulier / Partenaire particulier
77%
Je me fous, fous de vous / Vous m'aimez, mais pas moi Confidence pour confidence / Jean Schultheis
73%
J'ai tout mangé le chocolat / J'ai tout fumé les Craven A Les bétises / Sabine Paturel
73%
Elle passe ses nuits sans dormir / À gâcher son bel avenir La groupie du pianiste / Michel Berger
71%
Elle était maquillée / Comme une star de ciné / Accoudée au jukebox Couleur menthe à l'eau / Eddy Mitchell
66%
Tout le monde répète encore que les hommes préfèrent les blondes Les brunes comptent pas pour des prunes / Lio
63%
Puisqu'il faut choisir, à mots doux je peux le dire Sans contrefaçon / Mylène Farmer
62%
Femme unique, péché, désir / Pour un serpent de bible / À brisé son empire Eve lève-toi / Julie Pietri
61%
Ça fait longtemps que t'es partie maintenant Mon fils, ma bataille / Daniel Balavoine
58%
D'abord vos corps qui se séparent / T'es seule dans la lumière des phares Encore et encore / Francis Cabrel
47%
Il vit sa vie au bord de l'eau, coco et coquillages / Un dollar pour prendre en photo / Son plus beau tatouage Il tape sur des bambous / Philippe Lavil
28%
Paresseuse / par essence elle est paresseuse / Est-ce vraiment la paresse? C'est la ouate / Caroline Loeb
25%
Il met de la magie mine de rien dans tout ce qu'il fait / Il a le sourire facile même pour les imbéciles Il est libre Max / Hervé Cristiani
23%
Nous étions jeunes et larges d'épaules / Bandits joyeux, insolents et drôles On the road again / Bernard Lavilliers
20%
Be-bop, pieds nus sous la lune / Sans foi ni toit ni fortune Tombé pour la France / Étienne Daho
20%
Des gouttes salées / Ont déchiré / L'étrange pâleur d'un secret Toute première fois / Jeanne Mas
16%
Tu te donnes à moi sans confession / Quand je veux t'aimer Traces de toi / Alain Chamfort
3%
Aucun quiz correspondant
Distribution des résultats
% des personnes avec chaque résultat
Percentile par nombre de réponses
Votre historique - résultats
Vous n’avez pas pris ce quiz